Statystyki dla Na Terenie Jakiego Państwa Znajdują się te Miasta #1

Kliknij tutaj aby rozwiązać quiz!

Ogólne statystyki

  • Ten quiz został rozwiązany 8 028 razy
  • Średni wynik to 22 z 38

Statystyki odpowiedzi

Nazwa MiastaPaństwo% Poprawnych
SzanghajChiny
96%
WołgogradRosja
94%
TurynWłochy
93%
LeedsWielka Brytania
92%
KyotoJaponia
88%
Sao PauloBrazylia
87%
StuttgartNiemcy
84%
SalzburgAustria
81%
KownoLitwa
81%
BombajIndie
80%
BilbaoHiszpania
78%
Pilzno (Plzeň)Czechy
77%
NantesFrancja
76%
AleksandriaEgipt
67%
HagaHolandia
66%
KoszyceSłowacja
65%
AntwerpiaBelgia
62%
DubrownikChorwacja
62%
PolicePolska
62%
OdessaUkraina
62%
CorkIrlandia
58%
DakarSenegal
54%
KapsztadRepublika Południowej Afryki
52%
BergenNorwegia
49%
WinnipegKanada
48%
Nowy SadSerbia
47%
HajfaIzrael
45%
KatmanduNepal
42%
BrisbaneAustralia
41%
CuzcoPeru
38%
AlbuquerqueStany Zjednoczone
37%
PłowdiwBułgaria
31%
MosulIrak
30%
DhakaBangladesz
29%
BatumiGruzja
28%
DuszanbeTadżykistan
24%
KalamataGrecja
11%
MisrataLibia
7%

Rozkład punktacji

Percentyl według liczby udzielonych odpowiedzi

Procent ludzi z każdym wynikiem

Twoja historia wyników

Nie rozwiązałeś tego quizu